Online
Catalog

Enciclopedia de las artes visuales dominicanas = Encyclopedia of the dominican visual arts 1844-2010 / (Record no. 37092)

MARC details
000 -CABECERA
campo de control de longitud fija 02188nam a2200505 i 4500
001 - NÚMERO DE CONTROL
campo de control 000037602
003 - IDENTIFICADOR DEL NÚMERO DE CONTROL
campo de control DO-SdBNP
005 - FECHA Y HORA DE LA ÚLTIMA TRANSACCIÓN
campo de control 20260305073959.0
006 - CÓDIGOS DE INFORMACIÓN DE LONGITUD FIJA--CARACTERÍSTICAS DEL MATERIAL ADICIONAL
campo de control de longitud fija a||||gr|||| 00| 0
007 - CAMPO FIJO DE DESCRIPCIÓN FÍSICA--INFORMACIÓN GENERAL
campo de control de longitud fija ta
008 - DATOS DE LONGITUD FIJA--INFORMACIÓN GENERAL
campo de control de longitud fija 121001m2010 ao e 000 spa d
020 ## - NÚMERO INTERNACIONAL ESTÁNDAR DEL LIBRO
Número Internacional Estándar del Libro 97899450013123
040 ## - FUENTE DE LA CATALOGACIÓN
Centro catalogador/agencia de origen DO-SdBNP
Lengua de catalogación spa
Centro/agencia transcriptor BNPHU
Normas de descripción rda
041 ## - CÓDIGO DE LENGUA
Código de lengua original spa
082 #4 - NÚMERO DE LA CLASIFICACIÓN DECIMAL DEWEY
Número de clasificación 730.7293
Número de documento/Ítem G376
Número de edición 22
100 1# - ENTRADA PRINCIPAL--NOMBRE DE PERSONA
Nombre de persona Gerón, Candido,
Fechas asociadas al nombre 1948-
Término indicativo de función/relación autor
9 (RLIN) 3577
245 10 - MENCIÓN DE TÍTULO
Título Enciclopedia de las artes visuales dominicanas = Encyclopedia of the dominican visual arts 1844-2010 /
Mención de responsabilidad, etc. Cándido Gerón; fotografía, Gianfranco Lanzetti, Ricardo Thorman, Mariano Hernández, Humberto Arvelo, Víctor Eugenio Cortina; traducción, Altagracia Amelia Cabral.
246 ## - FORMA VARIANTE DE TÍTULO
Título propio/Titulo breve Encyclopedia of the dominican visual arts 1844-2010.
250 ## - MENCIÓN DE EDICIÓN
Mención de edición Octava edición
264 #1 - PRODUCCIÓN, PUBLICACIÓN, DISTRIBUCIÓN, FABRICACIÓN Y COPYRIGHT
Producción, publicación, distribución, fabricación y copyright Santo Domingo :
Nombre del de productor, editor, distribuidor, fabricante Editorial Centernario,
Fecha de producción, publicación, distribución, fabricación o copyright 2010
300 ## - DESCRIPCIÓN FÍSICA
Extensión 548 páginas :
Otras características físicas ilustraciones, retratos ;
Dimensiones 30 cm.
336 ## - TIPO DE CONTENIDO
Fuente rdacontent
Término de tipo de contenido texto
Código de tipo de contenido txt
337 ## - TIPO DE MEDIO
Fuente rdamedia
Nombre/término del tipo de medio sin mediación
Código del tipo de medio n
338 ## - TIPO DE SOPORTE
Fuente rdacarrier
Nombre/término del tipo de soporte volumen
Código del tipo de soporte nc
500 ## - NOTA GENERAL
Nota general Incluye datos biográficos del autor en las solapas de las cubiertas.
500 ## - NOTA GENERAL
Nota general La biblioteca posee el volumen 2
500 ## - NOTA GENERAL
Nota general Texto a dos columnas.
500 ## - NOTA GENERAL
Nota general Incluye pie de fotos.
500 ## - NOTA GENERAL
Nota general Incluye datos biográficos.
505 ## - NOTA DE CONTENIDO CON FORMATO
Nota de contenido con formato v. 1
Título Enciclopedia de las artes visuales dominicana /
Mención de responsabilidad Cándido Gerón --
Información miscelánea v. 2
Título Encyclopedia of the dominican visual arts /
Mención de responsabilidad Cándido Gerón --
546 ## - NOTA DE LENGUA/LENGUAJE
Nota de lengua/lenguaje Texto en español.
586 ## - NOTA DE PREMIOS
Nota de premios Premio Nacional de Didáctica, 1988.
590 ## - NOTA LOCAL (RLIN)
Nota local Inventariado 2024 / MF
650 #0 - PUNTO DE ACCESO ADICIONAL DE MATERIA--TÉRMINO DE MATERIA
Término de materia o nombre geográfico como elemento de entrada Bellas artes
Subdivisión general Biografía
Subdivisión geográfica República Dominicana
9 (RLIN) 62514
650 #4 - PUNTO DE ACCESO ADICIONAL DE MATERIA--TÉRMINO DE MATERIA
Término de materia o nombre geográfico como elemento de entrada Artes Plásticas
Subdivisión general Biografía
9 (RLIN) 22946
Subdivisión geográfica República Dominicana
650 #0 - PUNTO DE ACCESO ADICIONAL DE MATERIA--TÉRMINO DE MATERIA
Término de materia o nombre geográfico como elemento de entrada Artes
9 (RLIN) 650
700 1# - PUNTO DE ACCESO ADICIONAL--NOMBRE DE PERSONA
Nombre de persona Cabral, Altagracia Amelia,
Término indicativo de función/relación traductora
9 (RLIN) 43780
700 1# - PUNTO DE ACCESO ADICIONAL--NOMBRE DE PERSONA
Nombre de persona Lanzetti, Gianfranco,
Término indicativo de función/relación fotografía
9 (RLIN) 62924
700 1# - PUNTO DE ACCESO ADICIONAL--NOMBRE DE PERSONA
Nombre de persona Thorman , Ricardo,
Término indicativo de función/relación fotografía
9 (RLIN) 59363
700 1# - PUNTO DE ACCESO ADICIONAL--NOMBRE DE PERSONA
Nombre de persona Hernández, Mariano,
Término indicativo de función/relación fotografía
9 (RLIN) 59875
700 1# - PUNTO DE ACCESO ADICIONAL--NOMBRE DE PERSONA
Nombre de persona Arvelo, Humberto,
Término indicativo de función/relación fotografía
9 (RLIN) 86098
700 1# - PUNTO DE ACCESO ADICIONAL--NOMBRE DE PERSONA
Nombre de persona Cortina, Víctor Eugenio,
Término indicativo de función/relación fotografía
9 (RLIN) 43781
910 ## - DATOS DE OPCIÓN DEL USUARIO (OCLC)
Datos de opción del usuario Validado. Control de Calidad/MAA
942 ## - ELEMENTOS DE PUNTO DE ACCESO ADICIONAL (KOHA)
Fuente del sistema de clasificación o colocación Dewey Decimal Classification
Tipo de ítem Koha Libro
Holdings
Estado de retiro Estado de pérdida Fuente del sistema de clasificación o colocación Restricciones de uso No para préstamo Código de colección Localización permanente Ubicación/localización actual Ubicación en estantería Fecha de adquisición Fuente de adquisición Total de préstamos Signatura topográfica completa Código de barras Fecha visto por última vez Número de copia Precio válido a partir de Tipo de ítem Koha
    Dewey Decimal Classification Excluido de préstamo   Dominicana en Servicio Referencia Biblioteca Nacional Pedro Henríquez Ureña Biblioteca Nacional Pedro Henríquez Ureña Depósito 06.09.2012 Compra   BNPHU R-PD 730.7293 G376e 37602-10 25.06.2020 v.1 25.06.2020 Libro
    Dewey Decimal Classification Excluido de préstamo   Dominicana en Servicio Referencia Biblioteca Nacional Pedro Henríquez Ureña Biblioteca Nacional Pedro Henríquez Ureña Depósito 01.10.2012 Compra   BNPHU R-PD 730.7293 G376e 37602-20 25.06.2020 v.1 e.2 25.06.2020 Libro
    Dewey Decimal Classification Préstamo en sala   Dominicana en Servicio Referencia Biblioteca Nacional Pedro Henríquez Ureña Biblioteca Nacional Pedro Henríquez Ureña Depósito 06.09.2012 Depósito Legal   BNPHU R-DS 730.7293 G376e 2024-4437 16.07.2024 v.1 e.3 16.07.2024 Libro

Powered by Koha